Filo da torcere : romanzo /

সংরক্ষণ করুন:
গ্রন্থ-পঞ্জীর বিবরন
প্রধান লেখক: Paris, Renzo (লেখক)
বিন্যাস: গ্রন্থ
ভাষা:ইতালিয়
প্রকাশিত: Milano : Feltrinelli, 1982
মালা:I narratori di Feltrinelli ; 278
ট্যাগগুলো: ট্যাগ যুক্ত করুন
কোনো ট্যাগ নেই, প্রথমজন হিসাবে ট্যাগ করুন!

MARC

LEADER 00000nam a22000007i 4500
001 IT\ICCU\RAV\0059198
003 ItRI
005 20260115232340.0
008 890808s1982 it |||||| ||||| |||||c
015 |2 IT  |a 825529 
040 |b ita  |c importazione bologna sebina 
041 7 |a ita  |2 ISO-639-2 
082 |a 853.9  |9 NARRATIVA ITALIANA, 1900-  |2 18 
100 1 |a Paris, Renzo  |0 IT\ICCU\CFIV\002448  |4 aut 
245 1 0 |a Filo da torcere :  |b romanzo /  |c Renzo Paris. 
260 |a Milano :  |b Feltrinelli,  |c 1982 
300 |a 205 p. ;  |c 23 cm. 
830 2 |a I narratori di Feltrinelli ;  |v 278  |0 IT\ICCU\CFI\0000744 
942 |2 ddc  |c BK  |n 0 
952 |0 0  |1 0  |4 0  |6 DOC_853_914000000000000_PAR  |7 0  |9 24585  |a BO  |b BO  |d 2026-01-15  |i 539  |l 0  |o DOC 853.914 PAR  |p BO539  |r 2026-01-15 23:23:40  |w 2026-01-15  |x [Sebina 5] [1 v.]  |y BK  |z 1 v. 
999 |c 20918  |d 20918